000 01185nam a22003377a 4500
003 CHAP
005 20220329134854.0
008 971013s1981 r 00010 d
010 _a27250
011 _a28222
035 _a32325
040 _cCHAP
090 _aFolleto 9399
100 0 0 _aKelley, Guillermo.
_962931
245 _aPolitics and administration in Mexico
_b: recruitment promotion of the politico-administrative class
260 _aAustin :
_bUniversity of Texas at Austria. Institute of Latin American Studies,
_c1981
300 _a16 p.
490 _aTechnical papers series
_v; 33
590 _aBATCH-UPD
_b10
_c20130109
_lUCH01
_h2309
590 _aBATCH-UPD
_b10
_c20130110
_lUCH01
_h1807
590 _aBATCH-UPD
_b10
_c20130410
_lUCH01
_h1143
590 _aBATCH-UPD
_b10
_c20130914
_lUCH01
_h1707
590 _aBATCH-UPD
_b10
_c20161124
_lUCH01
_h1708
590 _aCONVERSION
_b10
_c20130109
_lUCH01
_h1316
650 1 4 _aAdministracion publica
_xMexico (D.F.)
_9938
651 4 _aMéxico
_xPolítica y gobierno.
_976783
830 0 _aTechnical papers series
_v; 33
_9111904
901 _aBK
942 _cFOLL
949 _aFolleto 9399
_bBC
_cFOLL
_d-75081
_eTS1
_i32325
_si
999 _c27250
_d27250